[Event "16. Torneo Aficionados Benidorm s-2300"]
[Site "Benidorm ESP"]
[Date "2017.12.03"]
[Round "3.10"]
[White "Olcum, Ahmet"]
[Black "Smirnov, Aleksander"]
[Result "1/2-1/2"]
[WhiteElo "2231"]
[BlackElo "2064"]
[PlyCount "105"]
[EventDate "2017.12.01"]
[EventType "swiss"]
[EventRounds "10"]
[EventCountry "ESP"]
[SourceTitle "Ajedrez en Madrid"]
[Source "lmi"]
[SourceDate "2017.12.01"]
[SourceVersion "1"]
[SourceVersionDate "2018.01.25"]
[SourceQuality "1"]

1. e4 c5 2. d3 g6 3. g3 Bg7 4. Bg2 Nc6 5. Nc3 Rb8 6. Be3 d6 7. Qd2 b5 8. f4 b4
9. Nd1 e5 10. Nf3 Nd4 11. O-O Nxf3+ 12. Rxf3 Bg4 13. Rf1 exf4 14. Rxf4 Bxd1 15.
Rxd1 Bxb2 16. Rdf1 f6 17. Bh3 Be5 18. R4f2 Qe7 19. d4 cxd4 20. Bxd4 h5 21. Bxe5
Qxe5 22. Qe3 Rh7 23. Qb3 Kf8 24. Be6 Kg7 25. Bxg8 Rxg8 26. Rxf6 Qd4+ 27. R1f2
Kh8 28. Qe6 Qd1+ 29. Rf1 Qd4+ 30. Kg2 Rhg7 31. R1f4 Qc5 32. Rf2 Qe5 33. Qc4 a5
34. Re6 Rc7 35. Rxe5 Rxc4 36. Rxa5 Rxe4 37. Ra6 Rd4 38. Kh3 Kh7 39. a4 bxa3 40.
Rxa3 Rc8 41. Ra7+ Kh6 42. Re7 Rc5 43. Re6 Re5 44. Ref6 Red5 45. Re6 Re5 46.
Ref6 Red5 47. Re2 Rf5 48. Rxf5 gxf5 49. c3 Rc4 50. Re6+ Kg5 51. Kg2 h4 52. Rxd6
Rxc3 53. Rd8 1/2-1/2

[Event "16. Torneo Aficionados Benidorm s-2300"]
[Site "Benidorm ESP"]
[Date "2017.12.03"]
[Round "3.11"]
[White "Ibañez Aullana, Ramon"]
[Black "Grandinetti, Pietro"]
[Result "1-0"]
[WhiteElo "2295"]
[BlackElo "2167"]
[PlyCount "81"]
[EventDate "2017.12.01"]
[EventType "swiss"]
[EventRounds "10"]
[EventCountry "ESP"]
[SourceTitle "Ajedrez en Madrid"]
[Source "lmi"]
[SourceDate "2017.12.01"]
[SourceVersion "1"]
[SourceVersionDate "2018.01.25"]
[SourceQuality "1"]

1. d4 Nf6 2. c4 g6 3. Nc3 Bg7 4. e4 d6 5. Be2 O-O 6. Be3 Nbd7 7. g4 e5 8. d5
Nc5 9. f3 a5 10. h4 Bd7 11. h5 a4 12. Nh3 c6 13. Qd2 cxd5 14. cxd5 Qa5 15. Rc1
a3 16. b3 Rfc8 17. Nf2 Na6 18. Kf1 Nb4 19. Kg2 Na6 20. Nb1 Nb4 21. h6 Bf8 22.
Nd3 Nbxd5 23. exd5 Qxd5 24. Nf2 Qe6 25. Ne4 Bc6 26. Nbc3 Nxg4 27. fxg4 d5 28.
Kg3 dxe4 29. Bc4 Qd6 30. Rhf1 Rc7 31. Qxd6 Bxd6 32. Nd5 Bxd5 33. Bxd5 Rd7 34.
Bxe4 Be7 35. Rfd1 Rxd1 36. Rxd1 Rd8 37. Rxd8+ Bxd8 38. Bxb7 f5 39. Bd5+ Kf8 40.
Bc5+ Be7 41. b4 1-0

[Event "16. Torneo Aficionados Benidorm s-2300"]
[Site "Benidorm ESP"]
[Date "2017.12.04"]
[Round "4.1"]
[White "Fernandez Barrera, Victor"]
[Black "Gromovs, Sergejs"]
[Result "1/2-1/2"]
[WhiteElo "2300"]
[BlackElo "2257"]
[PlyCount "35"]
[EventDate "2017.12.01"]
[EventType "swiss"]
[EventRounds "10"]
[EventCountry "ESP"]
[SourceTitle "Ajedrez en Madrid"]
[Source "lmi"]
[SourceDate "2017.12.01"]
[SourceVersion "1"]
[SourceVersionDate "2018.01.25"]
[SourceQuality "1"]

1. e4 d6 2. d4 Nf6 3. Nc3 g6 4. Nf3 Bg7 5. Be2 O-O 6. O-O c6 7. a4 a5 8. h3 Na6
9. Be3 d5 10. e5 Ne8 11. Qd2 Nec7 12. Rad1 Ne6 13. Nh2 Nac7 14. f4 f5 15. g4 b6
16. Nf3 Qd7 17. Nh4 Bb7 18. Bf3 1/2-1/2

[Event "16. Torneo Aficionados Benidorm s-2300"]
[Site "Benidorm ESP"]
[Date "2017.12.04"]
[Round "4.2"]
[White "Ayats Llobera, Gerard"]
[Black "Cubas Pons, Juan Miguel"]
[Result "1/2-1/2"]
[WhiteElo "2285"]
[BlackElo "2187"]
[PlyCount "60"]
[EventDate "2017.12.01"]
[EventType "swiss"]
[EventRounds "10"]
[EventCountry "ESP"]
[SourceTitle "Ajedrez en Madrid"]
[Source "lmi"]
[SourceDate "2017.12.01"]
[SourceVersion "1"]
[SourceVersionDate "2018.01.25"]
[SourceQuality "1"]

1. d4 e6 2. c4 Nf6 3. Nc3 d5 4. cxd5 exd5 5. Bg5 Be7 6. e3 c6 7. Qc2 Nbd7 8.
Bd3 O-O 9. Nf3 Re8 10. O-O Nf8 11. a3 Ne4 12. Bxe7 Qxe7 13. Nd2 Nxd2 14. Qxd2
Qf6 15. b4 a6 16. Qc2 g6 17. a4 Ne6 18. b5 axb5 19. axb5 Rxa1 20. Rxa1 c5 21.
Nxd5 Qd8 22. Qc4 cxd4 23. exd4 Ng5 24. Ne3 Be6 25. d5 Qf6 26. Rd1 Bh3 27. Be2
Ne4 28. Bf3 Nd6 29. Qd4 Qxd4 30. Rxd4 Nxb5 1/2-1/2

[Event "16. Torneo Aficionados Benidorm s-2300"]
[Site "Benidorm ESP"]
[Date "2017.12.04"]
[Round "4.4"]
[White "Olhovik, Andrei"]
[Black "Jimenez Martinez, Jose Vicente"]
[Result "1-0"]
[WhiteElo "2299"]
[BlackElo "2223"]
[PlyCount "131"]
[EventDate "2017.12.01"]
[EventType "swiss"]
[EventRounds "10"]
[EventCountry "ESP"]
[SourceTitle "Ajedrez en Madrid"]
[Source "lmi"]
[SourceDate "2017.12.01"]
[SourceVersion "1"]
[SourceVersionDate "2018.01.25"]
[SourceQuality "1"]

1. d4 g6 2. c4 Bg7 3. e4 d6 4. Nc3 Nf6 5. Be2 O-O 6. Bg5 Nbd7 7. Qd2 c5 8. Nf3
Qa5 9. d5 Re8 10. O-O a6 11. Rfe1 Rb8 12. a4 Nb6 13. Qc2 Bg4 14. b3 Nbd7 15. h3
Bxf3 16. Bxf3 e6 17. Bd2 Qc7 18. a5 exd5 19. exd5 Rxe1+ 20. Bxe1 b6 21. axb6
Qxb6 22. Ra3 Ne8 23. Bd1 Qb7 24. Qa2 Nc7 25. Bd2 Re8 26. Qc2 Nf6 27. Qd3 h6 28.
Qg3 Bf8 29. Bc2 Kh7 30. Qf4 Kg7 31. Qxh6+ Kg8 32. Qf4 Nh5 33. Qf3 Be7 34. Ne4
f5 35. Nc3 Ng7 36. Ra1 Bf6 37. Rd1 Be5 38. Ne2 Nh5 39. g4 Ng7 40. Nf4 Nce6 41.
Nxg6 Nd4 42. Qd3 Nxc2 43. Qxc2 Bd4 44. Bc3 Bxc3 45. Qxc3 Qf7 46. Nh4 fxg4 47.
hxg4 Re4 48. Qg3 Qf6 49. Ng2 a5 50. Re1 Rd4 51. Ne3 Rd3 52. Rb1 Qg6 53. Ra1
Rxb3 54. Rxa5 Rb1+ 55. Nf1 Qe4 56. Ra8+ Kf7 57. Ra7+ Kg8 58. Qxd6 Qxc4 59.
Rxg7+ Kxg7 60. Qe5+ Kf7 61. Qf5+ Ke7 62. Qxb1 Qxg4+ 63. Ng3 Kd6 64. Qf5 Qd1+
65. Kg2 c4 66. Ne4+ 1-0

[Event "16. Torneo Aficionados Benidorm s-2300"]
[Site "Benidorm ESP"]
[Date "2017.12.04"]
[Round "4.5"]
[White "Picazo Lopez, Juan Antonio"]
[Black "Ibañez Aullana, Ramon"]
[Result "1/2-1/2"]
[WhiteElo "2204"]
[BlackElo "2295"]
[PlyCount "129"]
[EventDate "2017.12.01"]
[EventType "swiss"]
[EventRounds "10"]
[EventCountry "ESP"]
[SourceTitle "Ajedrez en Madrid"]
[Source "lmi"]
[SourceDate "2017.12.01"]
[SourceVersion "1"]
[SourceVersionDate "2018.01.25"]
[SourceQuality "1"]

1. d4 Nf6 2. c4 d6 3. Nc3 e5 4. dxe5 dxe5 5. Qxd8+ Kxd8 6. Nf3 Nbd7 7. Rg1 h6
8. g4 Ke8 9. h4 e4 10. Nd4 Bb4 11. Bd2 a6 12. g5 hxg5 13. hxg5 e3 14. Bxe3 Ne4
15. Nc2 Bxc3+ 16. bxc3 g6 17. Bg2 Rh4 18. Nb4 c6 19. Rc1 Ne5 20. Bxe4 Rxe4 21.
Rh1 Nxc4 22. Rh8+ Kd7 23. Rd1+ Kc7 24. Rd4 Rxd4 25. Bxd4 b6 26. Nd3 Rb8 27. Ne5
Be6 28. Rxb8 Kxb8 29. Nxc6+ Kc7 30. Nb4 a5 31. Nd3 Na3 32. Nc1 Kc6 33. Kd2 Nc4+
34. Kd3 Kb5 35. Nb3 Ka4 36. Nd2 b5 37. e4 Ka3 38. Nb3 Kxa2 39. Nc5 Kb2 40. f4
a4 41. Nxe6 a3 42. Nc7 a2 43. Nxb5 a1=Q 44. Kxc4 Qf1+ 45. Kb4 Qxf4 46. c4+ Kc2
47. c5 Qd2+ 48. Kc4 Qd3+ 49. Kb4 Qxe4 50. Ka5 Qb7 51. Be5 Kd3 52. Bc7 Qd5 53.
Bb6 Qxg5 54. Ka6 Qd5 55. Na7 g5 56. c6 f5 57. c7 Qc4+ 58. Kb7 f4 59. Nc6 Qe6
60. c8=Q Qxc8+ 61. Kxc8 Ke4 62. Kd7 f3 63. Ke6 g4 64. Ne5 g3 65. Nxf3 1/2-1/2

[Event "16. Torneo Aficionados Benidorm s-2300"]
[Site "Benidorm ESP"]
[Date "2017.12.04"]
[Round "4.6"]
[White "Amdouni, Zoubaier"]
[Black "Levay, Sorin"]
[Result "1/2-1/2"]
[WhiteElo "2272"]
[BlackElo "2196"]
[PlyCount "75"]
[EventDate "2017.12.01"]
[EventType "swiss"]
[EventRounds "10"]
[EventCountry "ESP"]
[SourceTitle "Ajedrez en Madrid"]
[Source "lmi"]
[SourceDate "2017.12.01"]
[SourceVersion "1"]
[SourceVersionDate "2018.01.25"]
[SourceQuality "1"]

1. e4 c6 2. d4 d5 3. e5 Bf5 4. h4 h6 5. Ne2 e6 6. Ng3 Bh7 7. Bd3 Bxd3 8. Qxd3
Qa5+ 9. Nd2 Qa6 10. c4 Bb4 11. b3 Nd7 12. O-O Nb6 13. Qc2 Ne7 14. c5 Bxd2 15.
Bxd2 Nd7 16. a4 g6 17. b4 Nf5 18. Nxf5 gxf5 19. b5 cxb5 20. Qd3 b4 21. Qxa6
bxa6 22. Bxb4 Nb8 23. Rab1 Nc6 24. Bc3 O-O-O 25. Rb2 Kc7 26. Rfb1 Rb8 27. Rxb8
Nxb8 28. Ba5+ Kc8 29. Bd2 Nc6 30. Be3 h5 31. f3 Rg8 32. Kf2 Kc7 33. g3 Rg6 34.
Rg1 Rg8 35. Rb1 Rg6 36. Rg1 Rg8 37. Rb1 Rg6 38. Ke1 1/2-1/2

[Event "16. Torneo Aficionados Benidorm s-2300"]
[Site "Benidorm ESP"]
[Date "2017.12.04"]
[Round "4.7"]
[White "Iglesias, Jorge"]
[Black "Alvarez Serrano, Carlos"]
[Result "1-0"]
[WhiteElo "2291"]
[BlackElo "2190"]
[PlyCount "121"]
[EventDate "2017.12.01"]
[EventType "swiss"]
[EventRounds "10"]
[EventCountry "ESP"]
[SourceTitle "Ajedrez en Madrid"]
[Source "lmi"]
[SourceDate "2017.12.01"]
[SourceVersion "1"]
[SourceVersionDate "2018.01.25"]
[SourceQuality "1"]

1. c4 c5 2. Nf3 Nc6 3. Nc3 g6 4. g3 Bg7 5. Bg2 d6 6. O-O e6 7. a3 Nge7 8. Rb1
O-O 9. b4 Rb8 10. e3 Nf5 11. Ne2 Ne5 12. Nxe5 Bxe5 13. d4 cxd4 14. Nxd4 Nxd4
15. exd4 Bg7 16. Be3 b6 17. Qd2 Qc7 18. Rbc1 Bb7 19. d5 Rfc8 20. Rfd1 e5 21. c5
bxc5 22. bxc5 dxc5 23. Bxc5 Qd7 24. Bxa7 Ra8 25. Bc5 f5 26. Bb4 e4 27. d6 Be5
28. Rxc8+ Rxc8 29. Rc1 Rxc1+ 30. Qxc1 Qc6 31. Qg5 Qd7 32. Bf1 Bd5 33. Qd2 Be6
34. Bc5 Qc6 35. Qb4 g5 36. a4 f4 37. a5 e3 38. fxe3 fxg3 39. hxg3 Qf3 40. Qd2
Qxg3+ 41. Qg2 Bxd6 42. Bxd6 Qxd6 43. Qxg5+ Kf7 44. Qf4+ Ke7 45. a6 Qa3 46. Qd4
Qa5 47. Qa7+ Bd7 48. Qb8 Qg5+ 49. Kf2 Qh4+ 50. Qg3 Qa4 51. Qe5+ Be6 52. Qc5+
Kf7 53. Qd4 Qa2+ 54. Kg3 Bd5 55. e4 Qa3+ 56. Qd3 Qd6+ 57. Kf2 Qh2+ 58. Bg2 Ba8
59. Qd7+ Kg6 60. Qe8+ Kg5 61. Qxa8 1-0

[Event "16. Torneo Aficionados Benidorm s-2300"]
[Site "Benidorm ESP"]
[Date "2017.12.04"]
[Round "4.8"]
[White "Perez Perez, Gabriel"]
[Black "Lornye, Pylyp"]
[Result "0-1"]
[WhiteElo "2153"]
[BlackElo "2264"]
[PlyCount "100"]
[EventDate "2017.12.01"]
[EventType "swiss"]
[EventRounds "10"]
[EventCountry "ESP"]
[SourceTitle "Ajedrez en Madrid"]
[Source "lmi"]
[SourceDate "2017.12.01"]
[SourceVersion "1"]
[SourceVersionDate "2018.01.25"]
[SourceQuality "1"]

1. e4 d6 2. d4 Nf6 3. Nc3 g6 4. f4 Bg7 5. Nf3 O-O 6. Bd3 Nc6 7. e5 dxe5 8. fxe5
Ng4 9. Be4 f6 10. h3 Nh6 11. exf6 exf6 12. O-O Nf5 13. d5 Ne5 14. Re1 Qd6 15.
Bxf5 Bxf5 16. Nd4 Bd7 17. Kh1 c6 18. dxc6 Nxc6 19. Ncb5 Qd5 20. Nxc6 Qxc6 21.
Nd4 Qd5 22. Nb3 Bc6 23. Qxd5+ Bxd5 24. Be3 f5 25. Bd4 Bh6 26. Nc5 Rf7 27. b3 b6
28. Nd3 Rd8 29. c3 Be4 30. Nf2 Bb7 31. Rad1 Bg5 32. Kg1 Bh4 33. Re6 Bd5 34. Re2
f4 35. Red2 f3 36. Bxb6 axb6 37. Rxd5 Re8 38. g3 Bxg3 39. Rd8 Rfe7 40. Ng4 Rxd8
41. Rxd8+ Kg7 42. Rd1 h5 43. Nh2 f2+ 44. Kg2 Bxh2 45. Kxf2 Be5 46. Rd3 Kf6 47.
a4 Kf5 48. c4 Ke4 49. Rf3 Kd4 50. Ke2 Bf4+ 0-1

[Event "16. Torneo Aficionados Benidorm s-2300"]
[Site "Benidorm ESP"]
[Date "2017.12.04"]
[Round "4.9"]
[White "Iolis, Oleg"]
[Black "Gonzalez Laso, Adrian"]
[Result "1-0"]
[WhiteElo "2119"]
[BlackElo "2244"]
[PlyCount "73"]
[EventDate "2017.12.01"]
[EventType "swiss"]
[EventRounds "10"]
[EventCountry "ESP"]
[SourceTitle "Ajedrez en Madrid"]
[Source "lmi"]
[SourceDate "2017.12.01"]
[SourceVersion "1"]
[SourceVersionDate "2018.01.25"]
[SourceQuality "1"]

1. e4 e6 2. d4 d5 3. Nc3 Bb4 4. e5 c5 5. a3 Bxc3+ 6. bxc3 Ne7 7. Qg4 Qc7 8.
Qxg7 Rg8 9. Qxh7 cxd4 10. Ne2 Nbc6 11. f4 Bd7 12. Qd3 dxc3 13. Nxc3 a6 14. h4
Nf5 15. Rh3 O-O-O 16. Rb1 Na5 17. h5 Nc4 18. h6 Rg6 19. h7 Rh8 20. Ne4 Bb5 21.
Ng5 Nxe5 22. Qc3 Qxc3+ 23. Rxc3+ Nc4 24. Rh3 Nfd6 25. Rbb3 Kd7 26. Rbg3 Rg7 27.
Bd3 f6 28. Nf3 Rxg3 29. Rxg3 Ne4 30. Rg7+ Kd6 31. g4 Ba4 32. g5 fxg5 33. Nxg5
Nxg5 34. fxg5 Ne5 35. g6 Nxd3+ 36. cxd3 Rc8 37. Bd2 1-0

[Event "16. Torneo Aficionados Benidorm s-2300"]
[Site "Benidorm ESP"]
[Date "2017.12.04"]
[Round "4.11"]
[White "Smirnov, Aleksander"]
[Black "Hristodorescu, Daniel"]
[Result "0-1"]
[WhiteElo "2064"]
[BlackElo "2237"]
[PlyCount "86"]
[EventDate "2017.12.01"]
[EventType "swiss"]
[EventRounds "10"]
[EventCountry "ESP"]
[SourceTitle "Ajedrez en Madrid"]
[Source "lmi"]
[SourceDate "2017.12.01"]
[SourceVersion "1"]
[SourceVersionDate "2018.01.25"]
[SourceQuality "1"]

1. e4 e5 2. Nf3 Nc6 3. Nc3 Nf6 4. d4 exd4 5. Nxd4 Bb4 6. Nxc6 bxc6 7. Bd3 d5 8.
exd5 cxd5 9. Qe2+ Qe7 10. Bb5+ Bd7 11. Bxd7+ Nxd7 12. Qxe7+ Kxe7 13. Bd2 Bxc3
14. Bxc3 f6 15. O-O-O Kd6 16. b3 Rhe8 17. Rd2 a5 18. Rhd1 Nb6 19. Bd4 c5 20.
Be3 Kc6 21. c3 Re4 22. Rc2 Rd8 23. c4 d4 24. Bd2 a4 25. Re1 Rxe1+ 26. Bxe1 Re8
27. Kd1 axb3 28. axb3 Ra8 29. Re2 Kd6 30. f4 Ra3 31. f5 Kd7 32. Re6 Nc8 33. b4
Nd6 34. bxc5 Nxf5 35. Re4 Kc6 36. Bb4 Ra4 37. Bd2 Kxc5 38. g4 Nd6 39. Re7 Nxc4
40. Rc7+ Kd5 41. Rd7+ Ke4 42. Rxg7 Kd3 43. Bc1 Ra1 0-1

[Event "16. Torneo Aficionados Benidorm s-2300"]
[Site "Benidorm ESP"]
[Date "2017.12.05"]
[Round "5.1"]
[White "Hristodorescu, Daniel"]
[Black "Fernandez Barrera, Victor"]
[Result "1/2-1/2"]
[WhiteElo "2237"]
[BlackElo "2300"]
[PlyCount "42"]
[EventDate "2017.12.01"]
[EventType "swiss"]
[EventRounds "10"]
[EventCountry "ESP"]
[SourceTitle "Ajedrez en Madrid"]
[Source "lmi"]
[SourceDate "2017.12.01"]
[SourceVersion "1"]
[SourceVersionDate "2018.01.25"]
[SourceQuality "1"]

1. e4 c5 2. Nf3 Nc6 3. Bb5 e6 4. O-O Nge7 5. c3 a6 6. Ba4 b5 7. Bc2 Bb7 8. a4
d5 9. exd5 Nxd5 10. axb5 axb5 11. Rxa8 Bxa8 12. Qe2 b4 13. d4 cxd4 14. Nxd4
Nxd4 15. cxd4 Bc6 16. Be3 Bd6 17. Nd2 O-O 18. Nc4 Bc7 19. Ne5 Bxe5 20. dxe5
Nxe3 21. Qxe3 Bd5 1/2-1/2

[Event "16. Torneo Aficionados Benidorm s-2300"]
[Site "Benidorm ESP"]
[Date "2017.12.05"]
[Round "5.3"]
[White "Olcum, Ahmet"]
[Black "Ayats Llobera, Gerard"]
[Result "1-0"]
[WhiteElo "2231"]
[BlackElo "2285"]
[PlyCount "109"]
[EventDate "2017.12.01"]
[EventType "swiss"]
[EventRounds "10"]
[EventCountry "ESP"]
[SourceTitle "Ajedrez en Madrid"]
[Source "lmi"]
[SourceDate "2017.12.01"]
[SourceVersion "1"]
[SourceVersionDate "2018.01.25"]
[SourceQuality "1"]

1. d4 Nf6 2. Nf3 e6 3. Bf4 b6 4. e3 Bb7 5. Nbd2 Be7 6. Bd3 Nh5 7. Qe2 c5 8. c3
Nc6 9. a3 Nxf4 10. exf4 Qc7 11. g3 cxd4 12. cxd4 Nxd4 13. Nxd4 Bxh1 14. f3 h5
15. Nb5 Qc5 16. Nb3 Qc6 17. N3d4 Qc8 18. Kd2 Bc5 19. Rc1 Qd8 20. Nb3 O-O 21.
Rxh1 a6 22. Nc3 Be7 23. h4 b5 24. Ne4 f5 25. Ng5 Bf6 26. Kc2 a5 27. g4 a4 28.
Nc1 Qc7+ 29. Kd1 Qxf4 30. Nh3 Qd4 31. g5 Be5 32. f4 Bxf4 33. Nxf4 Qxf4 34. Qxh5
Rab8 35. Rg1 Qe3 36. Re1 Qf4 37. Be2 Rfc8 38. Nd3 Qc4 39. Kd2 f4 40. Bd1 Qd4
41. g6 b4 42. axb4 a3 43. Qh7+ Kf8 44. Re5 axb2 45. Qh8+ Ke7 46. Qxg7+ Kd8 47.
Qf8+ Kc7 48. Qc5+ Qxc5 49. Rxc5+ Kd6 50. Nxb2 Rh8 51. h5 Rxb4 52. Nd3 Rbb8 53.
Rg5 Rbg8 54. Ne5 Ra8 55. Ng4 1-0

[Event "16. Torneo Aficionados Benidorm s-2300"]
[Site "Benidorm ESP"]
[Date "2017.12.05"]
[Round "5.4"]
[White "Yuksel, Atilla Koksal"]
[Black "Iglesias, Jorge"]
[Result "1/2-1/2"]
[WhiteElo "2184"]
[BlackElo "2291"]
[PlyCount "56"]
[EventDate "2017.12.01"]
[EventType "swiss"]
[EventRounds "10"]
[EventCountry "ESP"]
[SourceTitle "Ajedrez en Madrid"]
[Source "lmi"]
[SourceDate "2017.12.01"]
[SourceVersion "1"]
[SourceVersionDate "2018.01.25"]
[SourceQuality "1"]

1. e4 e6 2. d4 c5 3. Nf3 cxd4 4. Nxd4 Nc6 5. c4 Qc7 6. Nxc6 dxc6 7. Nc3 e5 8.
Bd3 Bc5 9. O-O Ne7 10. Kh1 Ng6 11. Ne2 Be6 12. a3 Rd8 13. b3 O-O 14. Ra2 Rd7
15. Rd2 a5 16. Qc2 Rfd8 17. Qc3 Qb6 18. f3 Be3 19. Rdd1 Bxc1 20. Nxc1 Nf4 21.
c5 Qc7 22. g3 Nxd3 23. Rxd3 Rxd3 24. Nxd3 Rd4 25. Kg1 f6 26. Rb1 Qd8 27. Nf2 h6
28. Kg2 Kh7 1/2-1/2

[Event "16. Torneo Aficionados Benidorm s-2300"]
[Site "Benidorm ESP"]
[Date "2017.12.05"]
[Round "5.6"]
[White "Cubas Pons, Juan Miguel"]
[Black "Exposito Amaro, Josue"]
[Result "1-0"]
[WhiteElo "2187"]
[BlackElo "2263"]
[PlyCount "81"]
[EventDate "2017.12.01"]
[EventType "swiss"]
[EventRounds "10"]
[EventCountry "ESP"]
[SourceTitle "Ajedrez en Madrid"]
[Source "lmi"]
[SourceDate "2017.12.01"]
[SourceVersion "1"]
[SourceVersionDate "2018.01.25"]
[SourceQuality "1"]

1. d4 e6 2. c4 f5 3. Nc3 Nf6 4. Bg5 Bb4 5. Qc2 h6 6. Bxf6 Qxf6 7. O-O-O b6 8.
Nb5 Na6 9. a3 Be7 10. e4 Bb7 11. exf5 exf5 12. Nf3 O-O 13. Bd3 d5 14. Ne5 c6
15. Nc3 Rad8 16. cxd5 c5 17. Bxa6 Bxa6 18. Nc6 cxd4 19. Nxe7+ Qxe7 20. Rxd4 Rd6
21. Qd2 Rc8 22. Re1 Qf6 23. Kb1 Bc4 24. Qf4 b5 25. Re5 Rf8 26. h4 Qf7 27. g3 a6
28. Qe3 Qg6 29. Rf4 Bf1 30. Qc5 Qf6 31. Qd4 Bh3 32. Ka2 Rb8 33. Ne4 fxe4 34.
Rxf6 gxf6 35. Rxe4 Bg2 36. Qa7 Rbd8 37. Rg4+ Kf8 38. Qg7+ Ke8 39. f3 Bxf3 40.
Qg6+ Kf8 41. Qg8+ 1-0

[Event "16. Torneo Aficionados Benidorm s-2300"]
[Site "Benidorm ESP"]
[Date "2017.12.05"]
[Round "5.7"]
[White "Moreno Ibañez, Miguel"]
[Black "Iolis, Oleg"]
[Result "1-0"]
[WhiteElo "2272"]
[BlackElo "2119"]
[PlyCount "79"]
[EventDate "2017.12.01"]
[EventType "swiss"]
[EventRounds "10"]
[EventCountry "ESP"]
[SourceTitle "Ajedrez en Madrid"]
[Source "lmi"]
[SourceDate "2017.12.01"]
[SourceVersion "1"]
[SourceVersionDate "2018.01.25"]
[SourceQuality "1"]

1. e4 c5 2. Nf3 e6 3. b3 b6 4. Bb2 Bb7 5. d3 Nc6 6. g3 Nf6 7. Bg2 d6 8. O-O Be7
9. Nbd2 O-O 10. Re1 Nd7 11. Nf1 Bf6 12. c3 g6 13. Qd2 Nde5 14. Ne3 Nxf3+ 15.
Bxf3 Bg7 16. d4 Ne7 17. Bg2 Qc7 18. c4 Rad8 19. d5 Bxb2 20. Qxb2 e5 21. f4 f6
22. Bh3 Bc8 23. Be6+ Bxe6 24. dxe6 exf4 25. Nd5 Nxd5 26. exd5 Qe7 27. gxf4 f5
28. Re3 h6 29. Kh1 Kh7 30. Rg1 Rg8 31. Rh3 b5 32. cxb5 Rdf8 33. Rhg3 Qb7 34.
Qg2 Rf6 35. a4 g5 36. fxg5 Rxg5 37. Qf3 Rxg3 38. Rxg3 f4 39. Qe4+ Kh8 40. e7
1-0

[Event "16. Torneo Aficionados Benidorm s-2300"]
[Site "Benidorm ESP"]
[Date "2017.12.05"]
[Round "5.8"]
[White "Nieves Cabanes, Javier"]
[Black "Amdouni, Zoubaier"]
[Result "1-0"]
[WhiteElo "2184"]
[BlackElo "2272"]
[PlyCount "59"]
[EventDate "2017.12.01"]
[EventType "swiss"]
[EventRounds "10"]
[EventCountry "ESP"]
[SourceTitle "Ajedrez en Madrid"]
[Source "lmi"]
[SourceDate "2017.12.01"]
[SourceVersion "1"]
[SourceVersionDate "2018.01.25"]
[SourceQuality "1"]

1. d4 Nf6 2. Nf3 e6 3. e3 c5 4. Bd3 Qc7 5. Nbd2 Nc6 6. c3 b6 7. O-O Be7 8. Re1
d6 9. e4 cxd4 10. cxd4 e5 11. Qc2 exd4 12. e5 Nd5 13. Bb5 Bd7 14. Qe4 O-O 15.
Bd3 g6 16. Qxd5 Be6 17. exd6 Bxd6 18. Rxe6 fxe6 19. Qxe6+ Kg7 20. Ne4 Nb4 21.
Bg5 Rxf3 22. gxf3 Bxh2+ 23. Kg2 Nxd3 24. Qf6+ Kg8 25. Qxd4 Rf8 26. Qxd3 Bf4 27.
Qd5+ Kg7 28. Rd1 h6 29. Qe6 Rf7 30. Bf6+ 1-0

[Event "16. Torneo Aficionados Benidorm s-2300"]
[Site "Benidorm ESP"]
[Date "2017.12.05"]
[Round "5.9"]
[White "Rodriguez Alvarez, Vidal"]
[Black "Segarra Martinez, Axel"]
[Result "1-0"]
[WhiteElo "2256"]
[BlackElo "2176"]
[PlyCount "54"]
[EventDate "2017.12.01"]
[EventType "swiss"]
[EventRounds "10"]
[EventCountry "ESP"]
[SourceTitle "Ajedrez en Madrid"]
[Source "lmi"]
[SourceDate "2017.12.01"]
[SourceVersion "1"]
[SourceVersionDate "2018.01.25"]
[SourceQuality "1"]

1. Nf3 Nf6 2. c4 c5 3. Nc3 Nc6 4. g3 d5 5. d4 e6 6. cxd5 Nxd5 7. Bg2 Be7 8. O-O
O-O 9. Nxd5 Qxd5 10. Be3 c4 11. Qc2 Qb5 12. Rfc1 Rd8 13. a4 Qb3 14. a5 a6 15.
Qxc4 Qxc4 16. Rxc4 Rd5 17. Ne5 Nxe5 18. dxe5 Rxe5 19. Rac1 Bd7 20. Rc7 Rd8 21.
Rd1 Bc6 22. Rxd8+ Bxd8 23. Rc8 Kf8 24. Rxd8+ Ke7 25. Bb6 Rxe2 26. Bxc6 bxc6 27.
b4 Re4 1-0

[Event "16. Torneo Aficionados Benidorm s-2300"]
[Site "Benidorm ESP"]
[Date "2017.12.05"]
[Round "6.1"]
[White "Cubas Pons, Juan Miguel"]
[Black "Lornye, Pylyp"]
[Result "0-1"]
[WhiteElo "2187"]
[BlackElo "2264"]
[PlyCount "76"]
[EventDate "2017.12.01"]
[EventType "swiss"]
[EventRounds "10"]
[EventCountry "ESP"]
[SourceTitle "Ajedrez en Madrid"]
[Source "lmi"]
[SourceDate "2017.12.01"]
[SourceVersion "1"]
[SourceVersionDate "2018.01.25"]
[SourceQuality "1"]

1. d4 g6 2. c4 Nf6 3. Nc3 Bg7 4. e4 d6 5. Nf3 O-O 6. Be2 e5 7. O-O exd4 8. Nxd4
Re8 9. f3 Nc6 10. Nb3 Nh5 11. g4 Nf6 12. Bf4 h5 13. g5 Nh7 14. Qd2 Bh3 15. Rfd1
Ne5 16. Qe3 a5 17. c5 a4 18. Nc1 a3 19. b4 Qc8 20. Nb3 dxc5 21. Nxc5 b6 22. Nb3
Be6 23. Nd4 Nc4 24. Qf2 Nb2 25. Rd2 c5 26. bxc5 Qxc5 27. Nxe6 Qxc3 28. Nxg7 Nd3
29. Rxd3 Qxa1+ 30. Rd1 Qxg7 31. Qxb6 Nf8 32. Bb5 Qb2 33. Bc7 Rec8 34. Bf1 Ne6
35. Rb1 Qxb6+ 36. Bxb6 Rab8 37. Rb5 Rc1 38. Kf2 Rc2+ 0-1

[Event "16. Torneo Aficionados Benidorm s-2300"]
[Site "Benidorm ESP"]
[Date "2017.12.05"]
[Round "6.2"]
[White "Fernandez Barrera, Victor"]
[Black "Olcum, Ahmet"]
[Result "1-0"]
[WhiteElo "2300"]
[BlackElo "2231"]
[PlyCount "111"]
[EventDate "2017.12.01"]
[EventType "swiss"]
[EventRounds "10"]
[EventCountry "ESP"]
[SourceTitle "Ajedrez en Madrid"]
[Source "lmi"]
[SourceDate "2017.12.01"]
[SourceVersion "1"]
[SourceVersionDate "2018.01.25"]
[SourceQuality "1"]

1. d4 d6 2. Nf3 g6 3. c4 Bg7 4. Nc3 Nd7 5. g3 e5 6. Bg2 Ne7 7. O-O O-O 8. dxe5
dxe5 9. Qc2 Nf5 10. Rd1 c6 11. Ne4 Qe7 12. c5 h6 13. e3 Re8 14. b3 Bf8 15. Ba3
Nf6 16. Nxf6+ Qxf6 17. Nd2 Ng7 18. Ne4 Qe7 19. Qc3 Bf5 20. Nd6 Red8 21. Bb2 f6
22. b4 Qc7 23. Nxf5 Nxf5 24. h4 h5 25. Bh3 Rxd1+ 26. Rxd1 Rd8 27. Rd3 Be7 28.
e4 Rxd3 29. Qxd3 Ng7 30. Bc1 a5 31. a3 axb4 32. axb4 b6 33. Be3 bxc5 34. bxc5
Kh7 35. Qa6 f5 36. exf5 Nxf5 37. Bxf5 gxf5 38. Qc4 Kg7 39. Qe6 f4 40. gxf4 Bxh4
41. fxe5 Qe7 42. Qh6+ Kf7 43. Qxh5+ Ke6 44. Qg6+ Kxe5 45. Qxc6 Bf6 46. Qf3 Ke6
47. Qe4+ Kd7 48. Qxe7+ Bxe7 49. Kg2 Kc6 50. Kg3 Bxc5 51. Bxc5 Kxc5 52. Kg4 Kd6
53. Kf5 Ke7 54. Kg6 Kf8 55. f3 Kg8 56. f4 1-0